| 000 | 00427nam a22001697a 4500 | ||
|---|---|---|---|
| 999 |
_c525663 _d525663 |
||
| 003 | NUST | ||
| 020 | _c(Hbk) | ||
| 038 | _aM. Shaban | ||
| 082 |
_a301 _bQAZ |
||
| 100 |
_aQazi Javed _99706 |
||
| 245 |
_aSehatmand maashrah / _cQazi Javed |
||
| 260 |
_aLahore : _bFiction House, _c2005. |
||
| 300 | _a319 p. ; | ||
| 880 |
_6100-01\r _aقاضی جاوید |
||
| 880 |
_6245-02\r _aصحت مند معاشرہ / |
||
| 942 |
_2ddc _cBK |
||